000 01151cam a22003134a 4500
001 13436772
003 OSt
005 20140310182144.0
008 031217s2005 mnua c b 001 0 eng
010 _a 2003026973
020 _a9780736827126
040 _aDLC
_cDLC
_dDLC
042 _apcc
_alcac
050 0 0 _aGV 859.8
_b.P74 2005
082 0 0 _aHS 796.22
_bP92 2005
100 1 _aPreszler, Eric.
_915464
245 1 0 _aSkateboarding /
_cby Eric Preszler.
260 _aMankato, Minn. :
_bCapstone Press,
_cc2005.
300 _a32 p. :
_bill. (some col.) ;
_c24 cm.
440 0 _aX-Sports Skateboarding
_915465
562 _eFor circulation. One copy available in the collection.
650 0 _aSkateboarding
_vJuvenile literature.
_915466
650 1 _aSkateboarding.
_915467
856 4 1 _3Table of contents
_uhttp://www.loc.gov/catdir/toc/ecip0414/2003026973.html
906 _a7
_bcbc
_corignew
_d1
_eecip
_f20
_gy-gencatlg
942 _2lcc
999 _c9905
_d9905